| 000 | 00718nam a2200241Ia 4500 | ||
|---|---|---|---|
| 003 | OSt | ||
| 005 | 20220926034338.0 | ||
| 006 | a|||||r|||| 00| 0 | ||
| 007 | ta | ||
| 008 | 220923b |||||||| |||| 00| 0 eng d | ||
| 037 | _cGeneral Book | ||
| 040 |
_aRTL _cRTL _beng |
||
| 041 |
_2eng _aeng |
||
| 082 | _aX6a1(X).N7, M1 | ||
| 100 |
_aObrian Caroline P A _9340458 |
||
| 245 | 0 | _aBibliograhpy on money, banking and finance in deve | |
| 260 |
_aWashington _bInternational Monetary Fund and world bank USA _c1981 |
||
| 300 |
_a96p. _ccm. |
||
| 490 | _aBibliograph series, 1 | ||
| 650 |
_aCredit _9234994 |
||
| 942 |
_hX6a1(X).N7, M1 _cGB _2CC |
||
| 999 |
_c659284 _d659284 |
||